| 000 | 01628nam0a2200349 4500 | ||
|---|---|---|---|
| 001 | RU\NLR\bibl\1146355 | ||
| 005 | 20260406133216.0 | ||
| 010 |
_a978-5-8291-0868-7 _93000 |
||
| 021 |
_aRU _b2007-64545 _93446 |
||
| 035 | _a(NLR Aleph) 001133175 | ||
| 090 |
_a1370847 _c1370847 |
||
| 100 | _a20071026d2007 |||y0rusy50 ca | ||
| 101 | 1 |
_arus _cger |
|
| 102 | _aRU | ||
| 105 | _ay ||||||||| | ||
| 200 | 1 |
_aТак говорил Заратустра _eкнига для всех и для никого _fФридрих Ницше _g[пер. с нем. Ю.М. Антоновского _gавт. предисл. и примеч. К.А. Свасьян] |
|
| 210 |
_aМосква _cАкадемический проект _d2007 |
||
| 215 |
_a319 с. _d21 |
||
| 225 | 1 |
_aФилософские технологии _fредкол.: А.М. Руткевич (пред.) [и др.] |
|
| 300 | _aПер. изд.: Also sprach Zarathustra/Fridrich Nietzsche.- Munchen, 1956 | ||
| 454 | 0 |
_12001#$aAlso sprach Zarathustra$zger _1700#1$aNielzsche$bF.$gFridrich$4070 _1210##$aMunchen$d1956 _tAlso sprach Zarathustra _aNielzsche, Fridrich |
|
| 606 | 1 |
_aФилософия немецкая _z19 в. _91112750 _3RU\NLR\auth\66120059 |
|
| 686 | _aЮ3(4Г)6-649-0 | ||
| 686 | _aШ6(4Г)57-4{Лх1357-45} | ||
| 700 | 1 |
_4070 _7ca _8rus _aНицше _bФ. В. _f1844-1900 _gФридрих Вильгельм _9112030 _3RU\NLR\auth\772013 |
|
| 702 | 0 |
_4570 _7ca _8rus _aЗаратуштра _919668 _3RU\NLR\auth\7736679 |
|
| 801 | 0 |
_aRU _bNLR _c20071026 _gRCR |
|
| 801 | 1 |
_aRU _bNLR _c20071026 |
|
| 942 | _cBOOK | ||
| 980 | _aNB | ||